Normal view
MARC view
- Dwellings
Entry Topical Term
001 - CONTROL NUMBER
- control field: 3275
003 - CONTROL NUMBER IDENTIFIER
- control field: OSt
005 - DATE AND TIME OF LATEST TRANSACTION
- control field: 20180818140559.0
008 - FIXED-LENGTH DATA ELEMENTS
- fixed length control field: 180818|| aca||aabn | a|a d
040 ## - CATALOGING SOURCE
- Original cataloging agency: OSt
- Transcribing agency: OSt
150 ## - HEADING--TOPICAL TERM
- Topical term or geographic name as entry element: Dwellings
670 ## - SOURCE DATA FOUND
- Source citation: Work cat.: (OSt)0: Greenwald, Martin L., 3274, Residential energy systems and climate control technology :, c1988.
